1950 FIFA World Cup Team Logos - Statistics

General Stats
  • This quiz has been taken 58 times
  • The average score is 10 of 12
Answer Stats
Picture Answer % Correct
Brazil
100%
England
100%
Italy
100%
Sweden
100%
Switzerland
100%
Spain
92%
Mexico
81%
Uruguay
77%
Yugoslavia
77%
Paraguay
75%
Chile
73%
Bolivia
62%
No matching quizzes found
Score Distribution
Percent of People with Each Score
Percentile by Number Answered
Your Score History
You have not taken this quiz